Responses for Show #6742 - Tuesday, December 31, 2013

Jerry Slowik game 4.

Contestants

[<< previous game]

Reggie Austin, an actor from Culver City, California

Alyson Murray, a server from Boston, Massachusetts

Jerry Slowik, a writer from Arlington Heights, Illinois (whose 3-day cash winnings total $71,900)

[next game >>]

Jeopardy! Round responses

CELEBRITIES' FAVORITE MOVIES
IT'S A GAS... GIANT
MY NAME IS MY BRAND
I'M IN...
"DE"
NILE
    $200 1
Anchorman(: The Legend of Ron Burgundy)

Alyson
    $200 14
Jupiter

Jerry
    $200 19
Orville Redenbacher

Alyson
    $200 24
(Jerry: What is hypothermia?)

shock

Jerry
Triple Stumper
    $200 6
debris

Triple Stumper
    $200 11
(Reggie: What is blue and red?)

the blue (Nile) and white (Nile)

JerryReggie
    $400 2
Caddyshack

Reggie
    $400 15
Neptune

Reggie
    $400 20
(Jerry: What is Scholls?)
...
(Alex: Jerry, you added an "S".)

Scholl

JerryAlyson
    $400 25
[The end-of-round signal sounds.]

protective

Jerry
    $400 7
debonair

Reggie
    $400 12
the Sudan

Jerry
    $600 3
Love Actually

Jerry
    $600 16
(Reggie: What is Uranus?)

Saturn

Reggie
Triple Stumper
    $600 21
Perrier

Alyson
    $600 8
deductions

Alyson
    $600 13
reeds (or bulrushes)

Alyson
    $800 4
(Jerry: What is Dr. Strangelove or How I Learned to Stop Worrying About the Bomb?)
...
(Alex: [To Jerry] Yeah, if you'd left it at Dr. Strangelove, I think [*] was the title.)

Dr. Strangelove (or: How I Learned to Stop Worrying and Love the Bomb)

JerryReggie
    $800 17
(Alex: Just because you said it a few moments ago is no reason not to say it again, Reggie, [*], yes.)

Uranus

Triple Stumper
    $800 22
Charles Schwab

Reggie
    $800 9
delete

Reggie
    $1000 5
Albert Brooks

Triple Stumper
    $1000 18
[everyone laughs]

Uranus

Alyson
    $2,800 23
(Reggie: I'd like to bet the farm, please, Alex.)
...
(Reggie: [Long pause] Who is Carnegie?)
(Alex: No, [*], copper and silver.)

Paul Revere

Reggie
    $1000 10
deciduous

Jerry

Scores at the first commercial break (after clue 13):

Jerry Alyson Reggie
$1,400 $1,400 $2,200

Scores at the end of the Jeopardy! Round:

Jerry Alyson Reggie
$1,400 $3,600 $0

Double Jeopardy! Round responses

SONGS FOR NEW YEAR'S
THE 15th CENTURY
THAT'S OUR ISLAND!
(You have to identify the country it belongs to.)
ARCHITECTURE
3-LETTER WORDS
HANS CHRISTIAN ANDERSEN
    $400 16
U2

Jerry
    $400 11
the inquisition

Jerry
    $400 18
Australia

Jerry
    $400 1
(Reggie: What is Grand Central?)
...
(Alex: What is [*]? Grand Central is still there.)

Penn Station

Reggie
Triple Stumper
    $400 6
a vow

Reggie
    $400 26
The Ugly Duckling

Alyson
    $800 17
"Auld Lang Syne"

Alyson
    $800 12
Holy Roman Emperor

Alyson
    $800 19
France

Jerry
    $800 2
Chicago

Triple Stumper
    $800 7
rex

Jerry
    $800 27
The Emperor's New Clothes

Alyson
    $1200 23
ABBA

Jerry
    $1200 13
[Alex gives the full name in his Dracula accent.]

Vlad (Tepes, Count Dracula)

Jerry
    $1200 20
(Alyson: What is Portugal?)

Spain

AlysonReggie
    $1200 3
a pagoda

Jerry
    $1200 8
tab

Jerry
    $1200 28
Charles Dickens

Alyson
    $1600 24
"In The Midnight Hour"

Triple Stumper
    $2,200 14
the Teutonic Knights

Jerry
    $1600 21
Thailand

Jerry
    $1600 4
vaulted

Jerry
    $1600 9
yon

Reggie
    $5,000 29
The Little Mermaid

Alyson
    $2000 25
What are you doing New Year's Eve?

Triple Stumper
    $2000 15
Korea

Jerry
    $2000 22
Cuba

Triple Stumper
    $2000 5
Brazil

Jerry
    $2000 10
Ute

Alyson
    $2000 30
(Jerry: Who is Nilsson?)

Jenny Lind

Jerry
Triple Stumper

Scores at the end of the Double Jeopardy! Round:

Jerry Alyson Reggie
$16,400 $13,400 $2,800

[wagering suggestions for these scores]

Final Jeopardy! Round responses

19th CENTURY VICE PRESIDENTS
[Jerry's mom screams in delight from the audience as his response is revealed to be correct. Everyone laughs.]
ReggieWho is Garfield
$2,795
AlysonWho is Theodore Roosevelt?
$6,600
JerryWho is Burr?
$10,500
(Aaron) Burr

Final scores:

Jerry Alyson Reggie
$26,900 $6,800 $5
4-day champion: $98,800 2nd place: $2,000 3rd place: $1,000

Game dynamics:

Coryat scores:

Jerry Alyson Reggie
$15,800 $10,000 $5,600
20 R
(including 1 DD),
4 W
14 R
(including 1 DD),
1 W
9 R,
4 W
(including 1 DD)

Combined Coryat: $31,400

[game clues] [game scores] [suggest correction]

Game tape date: 2013-10-09
The J! Archive is created by fans, for fans. Scraping, republication, monetization, and malicious use prohibited; this site may use cookies and collect identifying information. See terms. The Jeopardy! game show and all elements thereof, including but not limited to copyright and trademark thereto, are the property of Jeopardy Productions, Inc. and are protected under law. This website is not affiliated with, sponsored by, or operated by Jeopardy Productions, Inc. Join the discussion at JBoard.tv.